000 00907cad a22002175a 4500
001 L151437
008 101105e20101027xxk f f000 0 eng d
035 _a(Sirsi) u151437
041 0 _aeng
110 1 _aGreat Britain
_bHealth and Safety Executive
245 0 0 _aConstruction still one of most dangerous industries
_h[electronic resource]
260 _c2010
490 _aHSE Policy Release
_v27 October 2010
520 _aConstruction is still one of Britain's most dangerous industries, despite a significant fall in the number of recorded deaths and injuries, new statistics released by the Health and Safety Executive (HSE) show.
590 _aKA NTK
651 4 _aGreat Britain
_y1707-
690 _aHealth and safety
_96244
690 _aBUILT ENVIRONMENT
856 4 0 _uhttps://www.hse.gov.uk/press/2010/hse-statistics2010cons.htm
_zView the item free of charge at www.hse.gov.uk
942 _n0
999 _c82799
_d82799